000 01018cam a22003253a 4500
001 16396582
003 OSt
005 20140310181653.0
008 900510s1990 nyu j 000 1 eng d
010 _a 98818268
020 _a0553158023 (pbk.) :
_c$2.75
035 _a(OCoLC)ocm21504789
040 _aSVP
_cSVP
_dDVA
_dTCA
_dOCL
_dDLC
050 0 0 _aPZ 7
_b.St849 1990
082 _aKF St4sv
_b#8
100 1 _aStewart, Molly Mia.
_93765
245 1 0 _aJessica's zoo adventure /
_cwritten by Molly Mia Stewart.
260 _aNew York :
_bBantam,
_c1990.
300 _a73 p. :
_bill. ;
_c20 cm.
440 0 _aSweet Valley kids ;
_v#8
_94372
541 _j1
562 _e1
650 0 _aTwins
_vFiction.
_94373
655 7 _aYoung adult fiction.
_2lcsh
_93735
655 7 _aAdventure fiction.
_2gsafd
_93061
700 1 _aPascal, Francine.
_93767
710 2 _aCopyright Paperback Collection (Library of Congress)
_5DLC
_9705
906 _a7
_bcbc
_ccopycat
_d2
_encip
_f19
_gy-genrareb
942 _2lcc
_cBK-KF
_kKF
999 _c1041
_d1041